Chỉ thị của Thủ tướng Chính phủ về việc phối hợp giữa các cơ quan bảo vệ pháp luật trong công tác thanh tra, kiểm tra đối với các doanh nghiệp.
Wedi'i Gadw mewn:
| Fformat: | Erthygl |
|---|---|
| Iaith: | Vietnamese |
| Pynciau: | |
| Tagiau: |
Ychwanegu Tag
Dim Tagiau, Byddwch y cyntaf i dagio'r cofnod hwn!
|
| Thư viện lưu trữ: | Thư viện Trường Đại học Đà Lạt |
|---|
| LEADER | 00787nam a2200241 4500 | ||
|---|---|---|---|
| 001 | DLU090066079 | ||
| 005 | ##20090427 | ||
| 040 | # | # | |a DLU |b vie |
| 041 | # | # | |a vie |
| 044 | # | # | |a vn |
| 245 | # | # | |a Chỉ thị của Thủ tướng Chính phủ về việc phối hợp giữa các cơ quan bảo vệ pháp luật trong công tác thanh tra, kiểm tra đối với các doanh nghiệp. |
| 653 | # | # | |a Chỉ thị 424/TTg |
| 653 | # | # | |a Thanh tra |
| 773 | # | # | |t Khoa học Xã hội |g Số 18, 1993, tr. 14-15 |
| 920 | # | # | |a Phòng Tạp chí -- Trung tâm Thông tin - Thư viện Trường Đại học Đà Lạt |
| 994 | # | # | |a DLU |
| 900 | # | # | |a True |
| 911 | # | # | |a Nguyễn Thanh Hương |
| 925 | # | # | |a G |
| 926 | # | # | |a A |
| 927 | # | # | |a BB |
| 980 | # | # | |a Thư viện Trường Đại học Đà Lạt |